000 00708nam a2200217Ii 4500
003 JO-AjNU
008 230605s9999||||xx |||||||||||||| ||und||
017 _a18/0201
020 _a9960-34-057-0
040 _aJO-AjNU
_bara
_erda
_cJO-AjNU
041 _aara
050 1 4 _aPJ7820 1998
100 3 _aتأليف عزي،بهاء بن حسين,
_eauthor
_920760
245 0 0 _aعاشق من جبال السروات
264 3 1 _aجدة:مكتبة الملك فهد الوطنية،1998
300 _a241ص
336 _atext
_btxt
_2rdacontent
337 _aunmediated
_bn
_2rdamedia
338 _avolume
_bnc
_2rdacarrier
650 4 _aالشعر العربي - الشعر الشعبي السعودي
_920761
999 _aA7096
_c10664
_d10664